000 01367nam a2200253Ia 4500
001 16212
003 GE_BSU
008 181216s||||||||xx |||||||||||||| ||und||
020 _aISBN 978-9941-9350-3-9
040 _cGE_BSU
080 _a57(072) + 37.091.321
100 _aმაყაშვილი,მალხაზ
245 _aბიოლოგია
245 _bდამხმ. სახელმძღვ. მასწავლებელთათვის
250 _aმე-2 გადამუშავებული გამოცემა
260 _aთბილისი
260 _bუსტარი,
260 _c2014
300 _a204 გვ. : ცხრ., ილ. ; 26 სმ.
541 _h8ლ.
653 _aბიოლოგია
653 _aუჯრედის სასიცოცხლო ციკლი; მეიოზი; გენეტიკა; გამრავლება; ცილის და ატფ-ის სინთეზი; ევოლუციის, ანატომიის და ფიზიოლოგიის საკითხები; კვლევა; ლაბორატორიული სამუშაოები; გაკვეთილების სცენარები; ტესტები, სავარჯიშოები
942 _cBK
999 _c49296
_d49296